Uppersilesian Cities - Statistics

General Stats
  • This quiz has been taken 2 times
  • The average score is 19 of 34
Answer Stats
Population City Name % Correct
77 765 Bedzin
100%
239 800 Bytom
100%
152 373 Dabrowa Gornicza
100%
223 403 Gliwice
100%
368 621 Katowice
100%
65 300 Raciborz
100%
171 645 Ruda Slaska
100%
144 943 Rybnik
100%
259 353 Sosnowiec
100%
60 973 Swietochlowice
100%
66 935 Tarnowskie Gory
100%
191 723 Tychy
100%
205 800 Zabrze
100%
184 421 Bielsko-Biala
50%
156 600 Chorzow
50%
35 686 Czechowice-Dziedzice
50%
259 864 Czestochowa
50%
104 594 Jastrzebie-Zdroj
50%
72 124 Mysłowice
50%
69 340 Piekary Slaskie
50%
34 827 Pszczyna
50%
69 539 Siemianowice Slaskie
50%
112 215 Wodzislaw Slaski
50%
32 464 Zywiec
50%
34 513 Cieszyn
0%
31 901 Czeladz
0%
28 283 Czerwionka Leszczyny
0%
99 993 Jaworzno
0%
44 124 Knurow
0%
24 700 Lubliniec
0%
40 898 Mikolow
0%
32 595 Myszkow
0%
63 725 Zawiercie
0%
67 301 Zory
0%
No matching quizzes found
Score Distribution
Percent of People with Each Score
Percentile by Number Answered
Your Score History
You have not taken this quiz